A guide to teaching with Literacies : (Record no. 17099)
[ view plain ]
| 000 -LEADER | |
|---|---|
| fixed length control field | 01022cam a2200277 a 4500 |
| 008 - FIXED-LENGTH DATA ELEMENTS--GENERAL INFORMATION | |
| fixed length control field | 000508s2000 nyu 000 0 eng |
| 020 ## - INTERNATIONAL STANDARD BOOK NUMBER | |
| International Standard Book Number | 0393975738 (pbk.) |
| 050 00 - LIBRARY OF CONGRESS CALL NUMBER | |
| Classification number | PE1404 |
| Item number | .B775 2000 |
| 245 02 - TITLE STATEMENT | |
| Title | A guide to teaching with Literacies : |
| Remainder of title | reading, writing, interpretation / |
| Statement of responsibility, etc. | Terence Brunk ... [et al.]. |
| 250 ## - EDITION STATEMENT | |
| Edition statement | 2nd ed. |
| 260 ## - PUBLICATION, DISTRIBUTION, ETC. (IMPRINT) | |
| Place of publication, distribution, etc. | New York : |
| Name of publisher, distributor, etc. | W.W. Norton, |
| Date of publication, distribution, etc. | c2000. |
| 300 ## - PHYSICAL DESCRIPTION | |
| Extent | xxxiv, 281 p. ; |
| Dimensions | 23 cm. |
| 630 00 - SUBJECT ADDED ENTRY--UNIFORM TITLE | |
| Uniform title | Literacies. |
| 650 #0 - SUBJECT ADDED ENTRY--TOPICAL TERM | |
| Topical term or geographic name as entry element | English language |
| General subdivision | Rhetoric |
| -- | Study and teaching. |
| 650 #0 - SUBJECT ADDED ENTRY--TOPICAL TERM | |
| Topical term or geographic name as entry element | Report writing |
| General subdivision | Study and teaching. |
| 650 #0 - SUBJECT ADDED ENTRY--TOPICAL TERM | |
| Topical term or geographic name as entry element | Reading (Higher education) |
| 650 #0 - SUBJECT ADDED ENTRY--TOPICAL TERM | |
| Topical term or geographic name as entry element | Reading comprehension. |
| 700 1# - ADDED ENTRY--PERSONAL NAME | |
| Personal name | Brunk, Terence. |
| 942 ## - ADDED ENTRY ELEMENTS (KOHA) | |
| Source of classification or shelving scheme | |
| Koha item type | Hard Covered Materials |
| Classification part | PE1404 .B775 2000 |
| Withdrawn status | Lost status | Source of classification or shelving scheme | Damaged status | Not for loan | Home library | Current library | Shelving location | Date acquired | Source of acquisition | Total Checkouts | Full call number | Barcode | Date last seen | Price effective from | Koha item type |
|---|---|---|---|---|---|---|---|---|---|---|---|---|---|---|---|
| MACHAKOS UNIVERSITY LIBRARY | MACHAKOS UNIVERSITY LIBRARY | Technical section | 21/11/2016 | Donation (BFA) | PE1404 .B775 2000 | 28255 | 08/06/2018 | 21/11/2016 | Hard Covered Materials |